UM Logo

Contrived surplus and negative externalities in the sharing economy / (Record no. 21206)

MARC details
000 -LEADER
fixed length control field 00898nam a22002297a 4500
003 - CONTROL NUMBER IDENTIFIER
control field OSt
005 - DATE AND TIME OF LATEST TRANSACTION
control field 20250214135430.0
008 - FIXED-LENGTH DATA ELEMENTS--GENERAL INFORMATION
fixed length control field 240902b ||||| |||| 00| 0 eng d
040 ## - CATALOGING SOURCE
Transcribing agency 0
082 ## - DEWEY DECIMAL CLASSIFICATION NUMBER
Classification number DPer 658.8 J826 Winter-Fall 2019 v. 27 n. 1-4
100 ## - MAIN ENTRY--PERSONAL NAME
Personal name Griffiths, Merlyn A.
Relator term author.
9 (RLIN) 59879
245 ## - TITLE STATEMENT
Title Contrived surplus and negative externalities in the sharing economy /
Statement of responsibility, etc. Merlyn A. Griffiths, B. Yasanthi Perera, and Pia A. Albinson.
260 ## - PUBLICATION, DISTRIBUTION, ETC. (IMPRINT)
Place of publication, distribution, etc. USA ;
Name of publisher, distributor, etc. Taylor & Francis Group,
Date of publication, distribution, etc. Fall 2019.
300 ## - PHYSICAL DESCRIPTION
Extent volume 27, pages 445-463,
Other physical details illustration.
500 ## - GENERAL NOTE
General note Journal of Marketing Theory and Practice, vol. 27, no. 4, pages 445-463, Fall 2019.
650 #0 - SUBJECT ADDED ENTRY--TOPICAL TERM
Topical term or geographic name as entry element Economy
9 (RLIN) 13471
650 #0 - SUBJECT ADDED ENTRY--TOPICAL TERM
Topical term or geographic name as entry element Consumers.
9 (RLIN) 13473
700 ## - ADDED ENTRY--PERSONAL NAME
Personal name Griffiths, Merlyn A.
Relator term author.
9 (RLIN) 59879
700 ## - ADDED ENTRY--PERSONAL NAME
Personal name Perera, B. Yasanthi.
Relator term author.
9 (RLIN) 59880
700 ## - ADDED ENTRY--PERSONAL NAME
Personal name Albinson, Pia A.
Relator term author.
9 (RLIN) 59881
942 ## - ADDED ENTRY ELEMENTS (KOHA)
Source of classification or shelving scheme Dewey Decimal Classification
Koha item type Periodicals
Holdings
Withdrawn status Lost status Source of classification or shelving scheme Damaged status Not for loan Collection code Home library Current library Date acquired Total Checkouts Full call number Date last seen Price effective from Koha item type Public note
    Dewey Decimal Classification     Periodicals UM Digos College - LIC UM Digos College - LIC 09/02/2024   DPer 658.8 J826 Winter-Fall 2019 v. 27 n. 1-4 09/02/2024 09/02/2024 Periodicals Periodical Article